Mindennapi felelősség, univerzalizmus, univerzális felelősség
Elmentve itt :
| Szerző: | |
|---|---|
| Dokumentumtípus: | Könyv része |
| Megjelent: |
Pro Philosophia Szegediensi Alapítvány, Magyar Filozófiai Társaság, Státus
Szeged ; Budapest ; Csíkszereda
2023
|
| Sorozat: | Lábjegyzetek Platónhoz
20 A felelősség 20 |
| Kulcsszavak: | Felelősség - filozófia |
| Tárgyszavak: | |
| Online Access: | http://acta.bibl.u-szeged.hu/89318 |
| LEADER | 00904naa a2200229 i 4500 | ||
|---|---|---|---|
| 001 | acta89318 | ||
| 005 | 20251215093514.0 | ||
| 008 | 251215s2023 hu o 000 hun d | ||
| 020 | |a 978-615-5727-07-8 | ||
| 022 | |a 1785-7082 | ||
| 040 | |a SZTE Egyetemi Kiadványok Repozitórium |b hun | ||
| 041 | |a hun | ||
| 100 | 1 | |a Kiss Endre | |
| 245 | 1 | 0 | |a Mindennapi felelősség, univerzalizmus, univerzális felelősség |h [elektronikus dokumentum] / |c Kiss Endre |
| 260 | |a Pro Philosophia Szegediensi Alapítvány, Magyar Filozófiai Társaság, Státus |b Szeged ; Budapest ; Csíkszereda |c 2023 | ||
| 300 | |a 379-386 | ||
| 490 | 0 | |a Lábjegyzetek Platónhoz |v 20 | |
| 490 | 0 | |a A felelősség |v 20 | |
| 650 | 4 | |a Bölcsészettudományok | |
| 650 | 4 | |a Filozófia, etika és vallástudományok | |
| 695 | |a Felelősség - filozófia | ||
| 856 | 4 | 0 | |u http://acta.bibl.u-szeged.hu/89318/1/platonhoz_020_379-386.pdf |z Dokumentum-elérés |